000 00824nam a22002898a 4500
001 991006521839707486
003 OSt
005 20250710104842.0
008 200226s2020 ck a cr 0001fdspa d
020 _a9789580015574
040 _bspa
_cCO-JMCR
041 0 _aspa
082 0 4 _aJ-N
_bDELm
100 1 _aDellutri, Ezequiel,
_943827
245 1 0 _aMinotauro en zapatillas /
_cEzequiel Dellutri.
250 _aSegunda edición.
264 4 _aBogotá :
_bEducactiva,
_c2020.
300 _a136 páginas :
_bilustraciones ;
_c20 cm.
490 1 _aTorre amarilla
521 _aA partir de los 11 años.
650 7 _aNovela juvenil argentina.
_9694
650 7 _aMitología
_vNovela.
_943828
650 7 _aAmistad
_vNovela.
_942761
650 7 _aIdentidad
_vNovela.
_943829
942 _2ddc
_cBK
949 _a
999 _c30821
_d17205